000 01230nam a22002777a 4500
001 8726
003 FISKH
005 20251017120917.0
008 251014b cb ||||| |||| 00| 0 eng d
020 _a9780194793872
040 _aFISKH
_beng
_cFISKH
_dFISKH
050 _aPE1126.A4 V5323
082 _a428.64
100 _aVicary, Tim
_eAuthor
245 _aThe mysterious death of Charles Bravo /
_cTim Vicary
260 _aNew York :
_bOxford University ,
_c2011
300 _a72 pages :
_billustrations ;
_c20 cm
505 _aJ
520 _aCharles Bravo died from the poison antimony. He took three days to die, and the doctors could do nothing to help him.There were three people who had reasons for wanting Charles Bravo dead - Florence Bravo herself, Charles Bravo's new young wife; Dr James Gully, Florence's former lover; and Mrs Jane Cox, Florence's friend and companion.But the enquiry into the death in 1876 could not decide who the murderer was, and for more than 130 years people have wondered who did kill Charles Bravo ...
521 8 _a490
_bLexile
521 8 _aJ
_bRaz-Plus
650 _aMystery
_vMurder
700 _aWillis, Adam
_eIllustrator
942 _2ddc
_cBK
_n0
999 _c8726
_d8726